Biggest City by Letter - Minnesota - Statistics

General Stats
  • This quiz has been taken 24 times
  • The average score is 11 of 24
Answer Stats
Letter Population City % Correct
D 85,915 Duluth
100%
M 420,324 Minneapolis
100%
S 304,547 St. Paul
100%
B 85,332 Bloomington
89%
R 115,557 Rochester
83%
A 52,889 Apple Valley
67%
E 66,379 Eagan
67%
C 62,517 Coon Rapids
61%
W 69,906 Woodbury
61%
P 78,134 Plymouth
56%
L 63,915 Lakeville
44%
F 27,668 Fridley
33%
I 35,320 Inver Grove Heights
33%
V 13,444 Vadnais Heights
28%
H 22,738 Hastings
22%
J 6,230 Jordan
22%
N 22,556 New Brighton
22%
O 27,963 Oakdale
22%
Z 5,657 Zimmerman
22%
G 21,566 Golden Valley
17%
Q 97 Quamba
17%
U 500 Ulen
17%
K 6,350 Kasson
11%
T 8,790 Thief River Falls
11%
No matching quizzes found
Score Distribution
Percent of People with Each Score
Percentile by Number Answered
Your Score History
You have not taken this quiz